Strojové učenie pre vnorené zariadenia

Salvato in:
Dettagli Bibliografici
Autore principale: Novak, Stefan Otto (Autore)
Altri autori: Kachman, Ondrej (Relatore della tesi)
Natura: Manoscritto Libro
Lingua:slovacco
Pubblicazione: 2023
Soggetti:
Accesso online:http://is.stuba.sk/zp/portal_zp.pl?podrobnosti=159880
Tags: Aggiungi Tag
Nessun Tag, puoi essere il primo ad aggiungerne!!

MARC

LEADER 00000ntm a22000003a 4500
001 stuzp92475
003 SK-STU
005 20230909213307.5
007 ta
008 150427s2015----xo-----f-mn---000-0-slo-d
040 |a STU  |b slo 
041 0 |a slo 
100 1 |a Novak, Stefan Otto  |u 070400  |4 aut  |U FIIT Fakulta informatiky a informačných technológií  |T FIIT Ústav počítačového inžinierstva a aplikovanej informatiky  |X 106078  |U I400  |Y 672  |7 106078 
242 0 1 |a Machine learning for embedded devices  |y eng 
245 1 0 |a Strojové učenie pre vnorené zariadenia 
260 |c 2023 
650 4 |a strojové učenie  |2 slo 
650 4 |a vnorené zariadenie  |2 slo 
650 4 |a edge  |2 slo 
650 4 |a TinyML  |2 slo 
650 4 |a machine learning  |2 eng 
650 4 |a edge  |2 eng 
650 4 |a TinyML  |2 eng 
650 4 |a embedded device  |2 eng 
700 1 |a Kachman, Ondrej  |4 ths  |X 64511  |7 A000064511 
856 4 |u http://is.stuba.sk/zp/portal_zp.pl?podrobnosti=159880